| 000 | 00905aam a2200337 4500 | ||
|---|---|---|---|
| 005 | 20251203121157.0 | ||
| 008 | 150703b1998 xxu||||| |||| 00| 0 spa d | ||
| 041 | _aESP | ||
| 082 | _a363.258 A634i2 | ||
| 100 |
_aAnton Barberó, Francisco _927302 |
||
| 245 | _aIniciación a la dactiloscopia y otras técnicas policiales | ||
| 250 | _a2 edición | ||
| 260 | _aEspaña | ||
| 260 | _bTirant lo blanch | ||
| 260 | _c1998 | ||
| 300 | _a253 páginas | ||
| 490 | _aInvestigación Criminal | ||
| 650 | _aDACTILOSCOPÍA | ||
| 650 | _aLOFOSCOPÍA | ||
| 650 | _aDACTILOGRAMAS | ||
| 650 | _aHUELLAS DIGITALES | ||
| 650 | _aFOTOGRAFÍA POLICIAL | ||
| 650 | _aPRUEBAS | ||
| 650 | _aTÉCNICAS POLICIALES | ||
| 650 | _aMANCHAS | ||
| 650 | _aDOCUMENTOSCOPÍA | ||
| 650 | _aINCENDIOS | ||
| 650 | _aREVELADORES FÍSICOS | ||
| 650 | _aREVELADORES QUÍMICOS | ||
| 942 |
_cBK _2ddc |
||
| 999 |
_c1592 _d1592 |
||